University Home | Library Home | Institutional Repository

Isabelle. (Record no. 79541)

MARC details
000 -LEADER
fixed length control field 00514cam4a220019300 4500
001 - CONTROL NUMBER
control field tmp15522857
003 - CONTROL NUMBER IDENTIFIER
control field UPRA
005 - DATE AND TIME OF LATEST TRANSACTION
control field 20190816084554.0
008 - FIXED-LENGTH DATA ELEMENTS--GENERAL INFORMATION
fixed length control field 950905s1921 fr fre u
035 ## - SYSTEM CONTROL NUMBER
System control number (Sirsi) r124052
035 ## - SYSTEM CONTROL NUMBER
System control number (UPRA)tmp15522857
040 ## - CATALOGING SOURCE
Transcribing agency UPRA
100 1# - MAIN ENTRY--PERSONAL NAME
Personal name Gide, Andre, 1869-1951.
Dates associated with a name Gide, Andre, 1869-1951.
Linkage A36773.1
245 10 - TITLE STATEMENT
Title Isabelle.
250 ## - EDITION STATEMENT
Edition statement 78e ed.
260 ## - PUBLICATION, DISTRIBUTION, ETC.
Place of publication, distribution, etc. Paris :
Name of publisher, distributor, etc. Gallimard,
Date of publication, distribution, etc. 1921.
949 ## - LOCAL PROCESSING INFORMATION (OCLC)
a PQ2613.I2
w lcc
i -178265
m MAIN
t BOOK
l ON-SHELF

No items available.

© 2026 - The University of Zambia Library - Koha v25.11